[Event "4NCL Online Division 6"]
[Site "online"]
[Date "2020.10.20"]
[Round "5.242"]
[White "Bonner, Dennis M"]
[Black "Leadbetter, Scott"]
[Result "1/2-1/2"]
[WhiteElo "1480"]
[BlackElo "1607"]
[PlyCount "112"]
[EventDate "2020.10.20"]
[WhiteTeam "Shropshire 5"]
[BlackTeam "Crowthorne 2"]

1. d4 Nf6 2. Bf4 d6 3. e3 Nbd7 4. Nf3 h6 5. c3 e6 6. Nbd2 Be7 7. h3 g5 8. Bh2
Nf8 9. Bd3 Ng6 10. Bxg6 fxg6 11. Qc2 Rg8 12. O-O-O Qd7 13. e4 g4 14. hxg4 Nxg4
15. Bg3 b6 16. Nh2 Nf6 17. Nhf3 Nh5 18. Bh2 Bb7 19. e5 d5 20. g4 O-O-O 21. gxh5
gxh5 22. Rhg1 Qb5 23. Nb3 Ba6 24. Rde1 Qd3 25. Qxd3 Bxd3 26. Rxg8 Rxg8 27. Rg1
Rf8 28. Nbd2 Be2 29. Rg3 h4 30. Rh3 Bg5 31. Nxg5 hxg5 32. f4 gxf4 33. Rxh4 f3
34. Rf4 Rxf4 35. Bxf4 f2 36. Bg5 f1=Q+ 37. Nxf1 Bxf1 38. b4 b5 39. Kc2 Kb7 40.
Be7 Bc4 41. a3 Kb6 42. Bc5+ Kb7 43. Kb2 a6 44. Kc2 c6 45. Kd2 Kc8 46. Ke3 Kd8
47. Kf4 Ke8 48. Kg5 Kf7 49. Kh6 Bd3 50. Kg5 Be4 51. Kh6 Bd3 52. Kg5 Kg7 53. Kh5
Bg6+ 54. Kg5 Bf5 55. Bd6 Kf7 56. Bc5 Bc2 1/2-1/2

[Event "4NCL Online Division 6"]
[Site "online"]
[Date "2020.10.20"]
[Round "5.243"]
[White "Rajeev-Lazar, Seyon"]
[Black "Holyhead, James"]
[Result "0-1"]
[WhiteElo "1570"]
[BlackElo "1435"]
[PlyCount "46"]
[EventDate "2020.10.20"]
[WhiteTeam "Crowthorne 2"]
[BlackTeam "Shropshire 5"]

1. g3 f5 2. Bg2 Nf6 3. Nf3 d6 4. c4 e5 5. d3 Be7 6. Nc3 O-O 7. Qb3 Kh8 8. Bg5
Qe8 9. Bxf6 Rxf6 10. Nd5 Bd8 11. Nxf6 Bxf6 12. O-O-O Nd7 13. Qb5 a6 14. Qd5 Nb6
15. Qa5 Qf7 16. Kb1 e4 17. dxe4 Bxb2 18. c5 Nc4 19. cxd6 Nxa5 20. dxc7 Qxc7 21.
exf5 Bxf5+ 22. Kxb2 Qc2+ 23. Ka1 Qc3# 0-1

[Event "4NCL Online Division 6"]
[Site "online"]
[Date "2020.10.20"]
[Round "5.244"]
[White "Casewell, John M"]
[Black "Adhikari, Aanya"]
[Result "1-0"]
[WhiteElo "1300"]
[BlackElo "1015"]
[PlyCount "41"]
[EventDate "2020.10.20"]
[WhiteTeam "Shropshire 5"]
[BlackTeam "Crowthorne 2"]

1. c4 c5 2. g3 Nc6 3. Bg2 Nf6 4. Nc3 e5 5. e3 Be7 6. Nge2 O-O 7. O-O d6 8. a3
Bg4 9. f3 Be6 10. b3 Qd7 11. Bb2 Rfe8 12. Rc1 Rad8 13. d4 cxd4 14. exd4 exd4
15. Nxd4 Nxd4 16. Qxd4 Bh3 17. Qxa7 Ra8 18. Qd4 Bxg2 19. Kxg2 h6 20. Nd5 Nh7
21. Qxg7# 1-0

[Event "4NCL Online Division 6"]
[Site "online"]
[Date "2020.10.20"]
[Round "5.251"]
[White "Sarfas, Robin"]
[Black "Muhunthan, Charukgan"]
[Result "0-1"]
[WhiteElo "1600"]
[BlackElo "1840"]
[PlyCount "50"]
[EventDate "2020.10.20"]
[WhiteTeam "Celtic Tigers Cubs"]
[BlackTeam "Redbridge All Sorts 2"]

1. d4 Nf6 2. c4 e6 3. Nc3 Bb4 4. Qc2 d5 5. cxd5 exd5 6. Bg5 Nc6 7. e3 h6 8.
Bxf6 Qxf6 9. a3 Bf5 10. Bd3 Bxd3 11. Qxd3 Bxc3+ 12. Qxc3 Qg6 13. Kf1 O-O 14. h4
Ne7 15. Qxc7 Nc6 16. Rh3 Rac8 17. Qf4 Ne7 18. g4 Rc2 19. h5 Qd3+ 20. Kg2 g5 21.
hxg6 fxg6 22. Qxh6 Rfxf2+ 23. Kh1 Qe4+ 24. Rf3 Rxf3 25. Nxf3 Qxf3+ 0-1

[Event "4NCL Online Division 6"]
[Site "online"]
[Date "2020.10.20"]
[Round "5.252"]
[White "Newton, Colin"]
[Black "Kwabiah, C Kenneth"]
[Result "0-1"]
[WhiteElo "1742"]
[BlackElo "1540"]
[PlyCount "74"]
[EventDate "2020.10.20"]
[WhiteTeam "Redbridge All Sorts 2"]
[BlackTeam "Celtic Tigers Cubs"]

1. d4 e6 2. c4 f5 3. Nc3 Nf6 4. Nf3 Be7 5. g3 O-O 6. Bg2 d6 7. O-O Qe8 8. e3
Nbd7 9. Nb5 Bd8 10. b3 a6 11. Nc3 e5 12. dxe5 dxe5 13. Bb2 e4 14. Nd4 Ne5 15.
Nd5 Nxd5 16. cxd5 Be7 17. Ne6 Bxe6 18. Bxe5 Rd8 19. Qe2 Rxd5 20. Bxc7 Qd7 21.
Bb6 Rd2 22. Qh5 Bf7 23. Qh3 Bf6 24. Rac1 Rc8 25. Rxc8+ Qxc8 26. Bxe4 Qe6 27.
Bxf5 Qxb6 28. Bxh7+ Kf8 29. Rc1 Qe6 30. Bf5 Qe5 31. Bc8 Rxa2 32. Bxb7 Ra1 33.
Rxa1 Qxa1+ 34. Kg2 Bxb3 35. Qc8+ Kf7 36. Qd7+ Kf8 37. Qd8+ Bxd8 0-1

[Event "4NCL Online Division 6"]
[Site "online"]
[Date "2020.10.20"]
[Round "5.253"]
[White "Portheault, Benjamin"]
[Black "Wilson, Michael GA"]
[Result "0-1"]
[WhiteElo "1486"]
[BlackElo "1675"]
[PlyCount "108"]
[EventDate "2020.10.20"]
[WhiteTeam "Celtic Tigers Cubs"]
[BlackTeam "Redbridge All Sorts 2"]

1. b3 Nf6 2. Bb2 g6 3. Bxf6 exf6 4. c4 Bg7 5. Nc3 d6 6. g3 Bd7 7. Bg2 Bc6 8.
Nf3 Kd7 9. Rc1 Na6 10. d4 Bxf3 11. Bxf3 Rb8 12. a3 c6 13. O-O Re8 14. e4 Ke7
15. Re1 Kf8 16. Bg2 Nc7 17. f4 Kg8 18. Qd3 Qd7 19. f5 Re7 20. g4 Rbe8 21. Rc2
g5 22. b4 h6 23. d5 Kh7 24. h3 Re5 25. Rce2 Bf8 26. Qd4 c5 27. bxc5 dxc5 28.
Qd1 b5 29. Qb3 a6 30. Rb1 b4 31. axb4 cxb4 32. Na4 Rb8 33. c5 Qb5 34. Rc2 Kg7
35. d6 Ne8 36. Bf1 Qc6 37. Bd3 a5 38. Ra1 Rb7 39. Qc4 b3 40. Rb2 Rb4 41. Qa6
Qd7 42. Nb6 Qc6 43. Rxa5 Nxd6 44. Nd7 Qxd7 45. cxd6 Bxd6 46. Bb1 Bc5+ 47. Kg2
Qd4 48. Qf1 Qxb2+ 49. Kh1 Rc4 50. Qxc4 Qxb1+ 51. Kg2 Qc2+ 52. Qxc2 bxc2 53. Ra1
Be3 54. Kf3 c1=Q 0-1

[Event "4NCL Online Division 6"]
[Site "online"]
[Date "2020.10.20"]
[Round "5.254"]
[White "Sharman, Jay"]
[Black "Osseiran, Nadim"]
[Result "1-0"]
[WhiteElo "1607"]
[BlackElo "1135"]
[PlyCount "97"]
[EventDate "2020.10.20"]
[WhiteTeam "Redbridge All Sorts 2"]
[BlackTeam "Celtic Tigers Cubs"]

1. e4 c6 2. Bc4 d5 3. Bb3 Nf6 4. exd5 cxd5 5. Nf3 Nc6 6. h3 Bf5 7. O-O e6 8. c4
dxc4 9. Bxc4 Bd6 10. Nc3 h6 11. d4 O-O 12. Nb5 Bb4 13. a3 Ba5 14. b4 Bb6 15.
Be3 a6 16. Nc3 Rc8 17. Bd3 Bxd3 18. Qxd3 Rc7 19. Rfd1 Rd7 20. Na4 Ba7 21. Nc5
Bxc5 22. bxc5 Nd5 23. Qc4 Qf6 24. Rab1 Rfd8 25. Rb2 Rb8 26. Rdb1 Na5 27. Qa4
Nc6 28. Ne5 Nxe5 29. dxe5 Qe7 30. Bd4 Nf4 31. c6 Rc7 32. Bb6 Rxc6 33. Qxf4 Rbc8
34. Be3 b5 35. a4 Rc4 36. Qg3 Kh7 37. axb5 axb5 38. Rxb5 Qd7 39. Rb7 Qe8 40.
Qf3 R8c7 41. Rb8 Qd7 42. Rd1 Qe7 43. Rdd8 Qxd8 44. Rxd8 Ra7 45. Bxa7 Rc1+ 46.
Kh2 f5 47. exf6 gxf6 48. Qxf6 Rc7 49. Rh8# 1-0

[Event "4NCL Online Division 6"]
[Site "online"]
[Date "2020.10.20"]
[Round "5.5"]
[White "Banks, Stephen"]
[Black "Le Fevre, Stephen D"]
[Result "1/2-1/2"]
[WhiteElo "1450"]
[BlackElo "1745"]
[PlyCount "97"]
[EventDate "2020.10.20"]
[WhiteTeam "Enfield 2"]
[BlackTeam "Wessex Some Stars E"]

1. e4 c5 2. Bc4 e6 3. Nc3 a6 4. a3 Nc6 5. Nf3 d6 6. d3 Nf6 7. Bg5 Be7 8. O-O
O-O 9. Re1 b5 10. Ba2 Bb7 11. Qd2 Nd7 12. Rad1 Nd4 13. Nxd4 Bxg5 14. f4 cxd4
15. Ne2 Bf6 16. Kh1 Rc8 17. Ng1 Rc7 18. Rc1 Qc8 19. Qf2 Nc5 20. Qd2 g6 21. Nf3
Bg7 22. b4 Na4 23. Bb3 Nc3 24. Kg1 Kh8 25. Rf1 f5 26. Ng5 Re8 27. Rce1 h6 28.
Nf3 fxe4 29. dxe4 Nxe4 30. Qd3 Rc6 31. Qxe4 Rc7 32. Qxg6 d5 33. Rc1 Rf8 34. g3
Rf6 35. Qd3 Rf8 36. Rf2 Rc3 37. Qd2 Bc6 38. Rff1 e5 39. fxe5 Rcxf3 40. Qxd4 Qh3
41. Rxf3 Rxf3 42. Qd1 Rf5 43. Bxd5 Bxd5 44. Qxd5 Rxe5 45. Qd8+ Kh7 46. Qd3+ Kh8
47. Qd8+ Kh7 48. Qd3+ Kh8 49. Qd8+ 1/2-1/2

[Event "4NCL Online Division 6"]
[Site "online"]
[Date "2020.10.20"]
[Round "5.6"]
[White "Doyle, Jamie"]
[Black "Clarke, Anthony J"]
[Result "1-0"]
[WhiteElo "1667"]
[BlackElo "1442"]
[PlyCount "79"]
[EventDate "2020.10.20"]
[WhiteTeam "Wessex Some Stars E"]
[BlackTeam "Enfield 2"]

1. e4 d6 2. Nf3 Bg4 3. Ke2 Nf6 4. d3 e5 5. h3 Bxf3+ 6. gxf3 Nc6 7. Be3 d5 8.
Nd2 d4 9. Bg5 h6 10. Bh4 g5 11. Bg3 Nh5 12. Bg2 Nf4+ 13. Bxf4 exf4 14. c3 Bg7
15. Qb3 dxc3 16. bxc3 O-O 17. Qxb7 Ne5 18. d4 Rb8 19. Qxa7 Rb2 20. Rhd1 Nc4 21.
Qc5 Nxd2 22. Rxd2 Rb8 23. a4 Re8 24. Qf5 Re6 25. e5 Reb6 26. Rc2 Qd5 27. Kd2
Rb2 28. Qe4 Rxc2+ 29. Qxc2 Bxe5 30. Rb1 Rd8 31. Rb4 h5 32. Qf5 c5 33. Qxg5+ Kf8
34. Rb5 Qa2+ 35. Kd3 c4+ 36. Ke4 Qe2+ 37. Kf5 Bf6 38. Qxf6 Qd3+ 39. Kxf4 Qd2+
40. Kg3 1-0

[Event "4NCL Online Division 6"]
[Site "online"]
[Date "2020.10.20"]
[Round "5.7"]
[White "Dometakis, Lakis"]
[Black "Sandy, Paul"]
[Result "0-1"]
[WhiteElo "1375"]
[BlackElo "1622"]
[PlyCount "80"]
[EventDate "2020.10.20"]
[WhiteTeam "Enfield 2"]
[BlackTeam "Wessex Some Stars E"]

1. e4 e5 2. Nf3 Nc6 3. Bb5 Bd6 4. c3 a6 5. Be2 Nf6 6. d3 Bc5 7. O-O d6 8. Bg5
h6 9. Bxf6 Qxf6 10. Nbd2 Bd7 11. b4 Bb6 12. Nb3 O-O-O 13. h3 g5 14. Nh2 Ne7 15.
Ng4 Qg6 16. Bf3 h5 17. Nh2 Rh7 18. g4 hxg4 19. Bxg4 Rdh8 20. Qf3 Bxg4 21. Qxg4+
f5 22. exf5 Qxf5 23. Qxf5+ Nxf5 24. Rfe1 Rxh3 25. Ng4 Rg3+ 26. Kf1 Rxg4 27. d4
Rh1+ 28. Ke2 Rxe1+ 29. Rxe1 Re4+ 30. Kf1 Rxe1+ 31. Kxe1 exd4 32. cxd4 Nxd4 33.
Nd2 Nc2+ 34. Kf1 Nxb4 35. Nf3 Nxa2 36. Nxg5 Kd7 37. f4 Be3 38. Nh3 Ke7 39. f5
Kf6 40. Ke2 Bh6 0-1

[Event "4NCL Online Division 6"]
[Site "online"]
[Date "2020.10.20"]
[Round "5.8"]
[White "Deacon, Matthew"]
[Black "McHugh, Ralph"]
[Result "0-1"]
[WhiteElo "1607"]
[BlackElo "1300"]
[PlyCount "118"]
[EventDate "2020.10.20"]
[WhiteTeam "Wessex Some Stars E"]
[BlackTeam "Enfield 2"]

1. d4 d5 2. c4 dxc4 3. Nf3 Nf6 4. e3 Bf5 5. Bxc4 e6 6. O-O Bd6 7. Qb3 b6 8. Nh4
Be4 9. Nc3 Bb7 10. Nb5 O-O 11. Nxd6 cxd6 12. f4 d5 13. Bd3 Ne4 14. Nf3 Nd7 15.
Bd2 Ndf6 16. Bb4 Nd6 17. Rac1 Rc8 18. Bb1 Re8 19. Qd3 Nfe4 20. Nd2 Rc7 21. Rxc7
Qxc7 22. Bxd6 Qxd6 23. Nxe4 dxe4 24. Rc1 f5 25. Qb5 Rf8 26. b4 a6 27. Qc4 Rc8
28. Qf1 Rxc1 29. Qxc1 Qxb4 30. Bc2 Bd5 31. Qb1 Qd2 32. Bb3 Qxe3+ 33. Kf1 Qxf4+
34. Ke2 Qg4+ 35. Kf2 Qf4+ 36. Ke2 Qd6 37. g3 g6 38. Ke3 b5 39. Qb2 Bxb3 40.
Qxb3 Qd5 41. Qb2 a5 42. a3 Qc4 43. Kd2 Qd3+ 44. Ke1 e3 45. a4 Qd2+ 46. Qxd2
exd2+ 47. Kxd2 bxa4 48. Kc3 Kf7 49. Kb2 Ke7 50. Ka3 Kd6 51. Kxa4 Kd5 52. Kxa5
Kxd4 53. Kb4 e5 54. Kb3 Kd3 55. Kb4 e4 56. Kc5 e3 57. Kd5 e2 58. Ke5 e1=Q+ 59.
Kf4 Qe3# 0-1

[Event "4NCL Online Division 6"]
[Site "online"]
[Date "2020.10.20"]
[Round "5.15"]
[White "Dobbie, Graham"]
[Black "Jones, Bryan"]
[Result "1-0"]
[WhiteElo "1823"]
[BlackElo "1607"]
[PlyCount "65"]
[EventDate "2020.10.20"]
[WhiteTeam "East Kilbride Rovers"]
[BlackTeam "Cornish Wreckers"]

1. c4 Nf6 2. Nc3 e6 3. d4 d5 4. cxd5 exd5 5. Bg5 c6 6. e3 Be7 7. Bd3 Nbd7 8.
Qc2 O-O 9. Nf3 h6 10. Bf4 Re8 11. h3 Nf8 12. O-O Bd6 13. Bxd6 Qxd6 14. Ne5 Be6
15. f4 Re7 16. Rae1 a6 17. Na4 Rae8 18. Nc5 Bc8 19. a3 N6d7 20. b4 Nxc5 21.
bxc5 Qc7 22. Rf3 Qa5 23. Qc1 Nd7 24. Bb1 Nxe5 25. fxe5 Be6 26. Ref1 Rd8 27. Rg3
Kh8 28. Qc2 g6 29. Qf2 Rdd7 30. Qf6+ Kh7 31. Bxg6+ fxg6 32. Qxg6+ Kh8 33. Rf8+
1-0

[Event "4NCL Online Division 6"]
[Site "online"]
[Date "2020.10.20"]
[Round "5.16"]
[White "Renshaw, Ian"]
[Black "Shrestha, Deepesh"]
[Result "1-0"]
[WhiteElo "1525"]
[BlackElo "1131"]
[PlyCount "65"]
[EventDate "2020.10.20"]
[WhiteTeam "Cornish Wreckers"]
[BlackTeam "East Kilbride Rovers"]

1. c4 e5 2. Nc3 Bb4 3. d3 Bxc3+ 4. bxc3 Nf6 5. d4 e4 6. e3 d5 7. cxd5 Nxd5 8.
Bb2 O-O 9. h3 Bf5 10. Bc4 Nb6 11. Qb3 Nc6 12. Ne2 Nxc4 13. Qxc4 a5 14. Qc5 Qd7
15. Ng3 Bg6 16. Ba3 b6 17. Qg5 h6 18. Qf4 b5 19. Bxf8 Rxf8 20. Nxe4 Qd5 21. Ng3
Qxg2 22. O-O-O Qd5 23. Qg4 Qxa2 24. Qe2 Qc4 25. Qxc4 bxc4 26. f4 a4 27. Kb2 Ra8
28. Ra1 Na5 29. Ka3 Nb3 30. Ra2 c5 31. d5 Be4 32. Nxe4 f5 33. Ng3 1-0

[Event "4NCL Online Division 6"]
[Site "online"]
[Date "2020.10.20"]
[Round "5.17"]
[White "Nagar, Nikunj"]
[Black "Doubleday, Peter"]
[Result "0-1"]
[WhiteElo "653"]
[BlackElo "1412"]
[PlyCount "136"]
[EventDate "2020.10.20"]
[WhiteTeam "East Kilbride Rovers"]
[BlackTeam "Cornish Wreckers"]

1. e4 c6 2. Nf3 d5 3. exd5 cxd5 4. Bb5+ Bd7 5. Bxd7+ Nxd7 6. Nc3 e6 7. d3 Ngf6
8. Be3 e5 9. Ne2 Be7 10. d4 e4 11. Nd2 O-O 12. O-O Nb6 13. Nf4 Rc8 14. c3 Bd6
15. Nh5 Nxh5 16. Qxh5 Qd7 17. f4 f5 18. a3 Qf7 19. Qxf7+ Rxf7 20. Nb3 Nc4 21.
Bc1 b6 22. Nd2 Ne3 23. Rf2 Ng4 24. Re2 Bxf4 25. g3 Bxd2 26. Bxd2 h6 27. h3 Nf6
28. b4 Nh5 29. g4 fxg4 30. hxg4 Nf4 31. Bxf4 Rxf4 32. Rg2 Rxc3 33. Rf2 Rxg4+
34. Rg2 Rxg2+ 35. Kxg2 Rd3 36. Rc1 Rxa3 37. Rc8+ Kf7 38. Rc7+ Ke6 39. Rxg7 Ra4
40. Rg6+ Kd7 41. Rxh6 Kc7 42. Rh7+ Kc6 43. Rh6+ Kb5 44. Rh5 Kc4 45. Rh7 Kxd4
46. Rc7 e3 47. Kf3 Kd3 48. Re7 d4 49. Re4 Rxb4 50. Re7 a5 51. Re6 b5 52. Ra6 a4
53. Ra5 Rb3 54. Ra6 a3 55. Ra5 b4 56. Ra4 Rb2 57. Ra5 a2 58. Ra4 b3 59. Ra3 e2
60. Kf2 Kd2 61. Ra4 d3 62. Ra3 e1=Q+ 63. Kg2 Ke3+ 64. Kh3 Qg1 65. Rxb3 Rxb3 66.
Kh4 Kf4 67. Kh5 Rb6 68. Kh4 Qh1# 0-1

[Event "4NCL Online Division 6"]
[Site "online"]
[Date "2020.10.20"]
[Round "5.18"]
[White "Brown, Hugh"]
[Black "Pardeshi, Prachi"]
[Result "1-0"]
[WhiteElo "1345"]
[BlackElo "523"]
[PlyCount "85"]
[EventDate "2020.10.20"]
[WhiteTeam "Cornish Wreckers"]
[BlackTeam "East Kilbride Rovers"]

1. Nf3 Nc6 2. g3 e5 3. d3 d5 4. Bg2 Bd7 5. O-O e4 6. dxe4 dxe4 7. Nfd2 Nf6 8.
Nxe4 Nxe4 9. Bxe4 Bh3 10. Bg2 Qxd1 11. Rxd1 Bxg2 12. Kxg2 Bd6 13. Nc3 O-O-O 14.
Be3 a6 15. Ne4 Be5 16. c3 Rde8 17. Ng5 Re7 18. Bc5 Bd6 19. Bxd6 cxd6 20. Rxd6
f6 21. Ne6 Rhe8 22. Nf4 g5 23. Nd5 Rxe2 24. Rxf6 Rxb2 25. Rf7 Re7 26. Nxe7+
Nxe7 27. Rxe7 h5 28. Re5 h4 29. Rxg5 hxg3 30. hxg3 Rc2 31. Rc5+ Kb8 32. a4 b6
33. Rb1 Ka7 34. Rc7+ Kb8 35. Rg7 Rxc3 36. Rxb6+ Ka8 37. Rxa6+ Kb8 38. Rf6 Rc7
39. Rxc7 Kxc7 40. a5 Kb7 41. g4 Ka7 42. g5 Kb7 43. g6 1-0

[Event "4NCL Online Division 6"]
[Site "online"]
[Date "2020.10.20"]
[Round "5.25"]
[White "Sugden, Freddie"]
[Black "Humeniuk, Michael"]
[Result "1-0"]
[WhiteElo "1667"]
[BlackElo "1435"]
[PlyCount "61"]
[EventDate "2020.10.20"]
[WhiteTeam "Hackney Hungry"]
[BlackTeam "Hertford 3"]

1. e4 e5 2. d4 exd4 3. c3 Nc6 4. Nf3 d6 5. Bc4 h6 6. cxd4 Nf6 7. O-O Be7 8. Re1
O-O 9. Nc3 a6 10. a4 b6 11. Qe2 Bg4 12. Be3 Nb4 13. d5 Bxf3 14. gxf3 c6 15.
dxc6 Nxc6 16. Bxa6 Ne5 17. Bb5 Qc8 18. Bd4 Qe6 19. Bxe5 dxe5 20. Bc4 Qh3 21.
Nd5 Bc5 22. Nxf6+ gxf6 23. Kh1 Kh7 24. Rg1 Qh4 25. Rg3 Qh5 26. b3 f5 27. exf5
Qxf5 28. Bd3 Qxd3 29. Qxd3+ Kh8 30. Qf5 Bxf2 31. Qf6+ 1-0

[Event "4NCL Online Division 6"]
[Site "online"]
[Date "2020.10.20"]
[Round "5.26"]
[White "Lynch, Mark"]
[Black "Morgan, Marc"]
[Result "0-1"]
[WhiteElo "1480"]
[BlackElo "1660"]
[PlyCount "90"]
[EventDate "2020.10.20"]
[WhiteTeam "Hertford 3"]
[BlackTeam "Hackney Hungry"]

1. d4 e6 2. Nc3 f5 3. Bf4 d6 4. e3 Nf6 5. Bd3 Be7 6. h3 O-O 7. Nf3 Qe8 8. Qe2
a6 9. O-O-O b5 10. g4 b4 11. Nb1 Ne4 12. gxf5 exf5 13. Rdg1 Bb7 14. h4 Qh5 15.
Nbd2 Nc3 16. bxc3 bxc3 17. Rh3 cxd2+ 18. Kxd2 Nd7 19. Bc4+ d5 20. Bb3 Nf6 21.
Rg5 Ne4+ 22. Kd3 Nxg5 23. Bxg5 Bxg5 24. Nxg5 Qxe2+ 25. Kxe2 Rae8 26. c4 c6 27.
cxd5 cxd5 28. Nf3 f4 29. Ne5 fxe3 30. fxe3 Kh8 31. Nd7 Rf7 32. Nc5 Rd8 33. Ne6
Rd6 34. Nc5 a5 35. Nxb7 Rxb7 36. Rf3 g6 37. Kd3 Kg7 38. e4 dxe4+ 39. Kxe4 Rbd7
40. d5 Re7+ 41. Kd4 Rf7 42. Kc5 Rfd7 43. Bc4 Kh6 44. Bb5 Rxd5+ 45. Kc6 R7d6+
0-1

[Event "4NCL Online Division 6"]
[Site "online"]
[Date "2020.10.20"]
[Round "5.27"]
[White "Evans, Kingsley"]
[Black "Brewis, Alan"]
[Result "0-1"]
[WhiteElo "1525"]
[BlackElo "1360"]
[PlyCount "70"]
[EventDate "2020.10.20"]
[WhiteTeam "Hackney Hungry"]
[BlackTeam "Hertford 3"]

1. e4 c6 2. d4 d5 3. e5 Bf5 4. Bd3 Bxd3 5. Qxd3 e6 6. Nf3 c5 7. c3 Nc6 8. a3
cxd4 9. cxd4 Qb6 10. O-O Nge7 11. Nc3 Na5 12. Na4 Qb3 13. Qxb3 Nxb3 14. Rb1 Nf5
15. Be3 Be7 16. Rfd1 O-O 17. Rd3 Na5 18. Rc1 Rac8 19. Rdc3 Nc4 20. Nc5 Nfxe3
21. fxe3 Bxc5 22. dxc5 Rxc5 23. b3 b5 24. bxc4 dxc4 25. a4 a6 26. axb5 axb5 27.
Nd2 Rxe5 28. e4 Rd8 29. Nf3 Rxe4 30. Ng5 Re2 31. R3c2 Rdd2 32. Nf3 Rxg2+ 33.
Kh1 Rxc2 34. Rxc2 Rxc2 35. Ne5 b4 0-1

[Event "4NCL Online Division 6"]
[Site "online"]
[Date "2020.10.20"]
[Round "5.28"]
[White "Kirby, Brian"]
[Black "Neame, Robert"]
[Result "0-1"]
[WhiteElo "1210"]
[BlackElo "1322"]
[PlyCount "72"]
[EventDate "2020.10.20"]
[WhiteTeam "Hertford 3"]
[BlackTeam "Hackney Hungry"]

1. d4 g6 2. c3 Bg7 3. Nf3 Nf6 4. Nbd2 O-O 5. e4 d6 6. Be2 c5 7. O-O Nbd7 8. a3
cxd4 9. cxd4 a6 10. b4 Re8 11. Bb2 e5 12. d5 Nh5 13. Nc4 Ndf6 14. Bd3 Nf4 15.
Bc1 N6h5 16. Be3 Nxd3 17. Qxd3 Nf4 18. Qd2 Bh6 19. Rfe1 Bg4 20. Qd1 Qf6 21. Qe2
Nxe2+ 22. Rxe2 Bxf3 23. gxf3 Qxf3 24. Ree1 Bxe3 25. Rxe3 Qg4+ 26. Rg3 Qd7 27.
Nb6 Qb5 28. Nxa8 Rxa8 29. Rc1 Qd7 30. Rcc3 Rc8 31. Rce3 Rc1+ 32. Kg2 Qb5 33.
Rd3 Qc4 34. Kh3 Rg1 35. Rgf3 Qc8+ 36. Kh4 Qg4# 0-1

[Event "4NCL Online Division 6"]
[Site "online"]
[Date "2020.10.20"]
[Round "5.35"]
[White "Varjian, Gary"]
[Black "Acharya, Kandara"]
[Result "0-1"]
[WhiteElo "1423"]
[BlackElo "1690"]
[PlyCount "74"]
[EventDate "2020.10.20"]
[WhiteTeam "Malpas & Croesoswallt"]
[BlackTeam "Ashton 1"]

1. d4 Nf6 2. Bf4 g6 3. e3 Bg7 4. c3 O-O 5. Nd2 d6 6. Ngf3 c5 7. Bd3 Nbd7 8. Rc1
b6 9. h4 Bb7 10. Rg1 cxd4 11. cxd4 Re8 12. Bh2 e5 13. Bb1 e4 14. Ng5 d5 15. g4
h6 16. Nh3 Nh7 17. Nf1 Rc8 18. Ng3 Qe7 19. h5 Qb4+ 20. Kf1 Qxb2 21. Kg2 Rxc1
22. Qxc1 Qxc1 23. Rxc1 Rc8 24. Rxc8+ Bxc8 25. hxg6 fxg6 26. Nf4 Ndf6 27. Nxg6
Bxg4 28. Ne5 Ng5 29. Nf1 Bh3+ 30. Kg1 Ng4 31. Bg3 Bxe5 32. dxe5 Nf3+ 33. Kh1
Bxf1 34. Bc2 h5 35. e6 h4 36. Bb3 h3 37. Bxd5 Bg2# 0-1

[Event "4NCL Online Division 6"]
[Site "online"]
[Date "2020.10.20"]
[Round "5.36"]
[White "McBeath, Joel"]
[Black "Ksiazek, Slawomir"]
[Result "1-0"]
[WhiteElo "1600"]
[BlackElo "1281"]
[PlyCount "33"]
[EventDate "2020.10.20"]
[WhiteTeam "Ashton 1"]
[BlackTeam "Malpas & Croesoswallt"]

1. e4 c5 2. d4 cxd4 3. c3 dxc3 4. Nxc3 Nc6 5. Nf3 e5 6. Bc4 h6 7. Qb3 Qe7 8.
Nd5 Na5 9. Qc3 Qc5 10. Qxe5+ Kd8 11. Bd3 f6 12. Qh5 f5 13. Ne5 Nf6 14. Nf7+ Ke8
15. Nd6+ Kd8 16. Qe8+ Nxe8 17. Nf7# 1-0

[Event "4NCL Online Division 6"]
[Site "online"]
[Date "2020.10.20"]
[Round "5.37"]
[White "Ritchie, Stephen"]
[Black "Fedotov, Peter"]
[Result "0-1"]
[WhiteElo "1164"]
[BlackElo "1577"]
[PlyCount "30"]
[EventDate "2020.10.20"]
[WhiteTeam "Malpas & Croesoswallt"]
[BlackTeam "Ashton 1"]

1. e4 g6 2. d4 Bg7 3. c3 d6 4. Nf3 e6 5. Bc4 Ne7 6. O-O O-O 7. Be3 d5 8. Bd3
Nbc6 9. e5 f6 10. Qd2 fxe5 11. dxe5 Nxe5 12. Nxe5 Bxe5 13. Bh6 Bg7 14. Bxg7
Kxg7 15. Qe3 Nf5 0-1

[Event "4NCL Online Division 6"]
[Site "online"]
[Date "2020.10.20"]
[Round "5.38"]
[White "Rogers, Max"]
[Black "Winter, Molly"]
[Result "1-0"]
[WhiteElo "1472"]
[BlackElo "775"]
[PlyCount "81"]
[EventDate "2020.10.20"]
[WhiteTeam "Ashton 1"]
[BlackTeam "Malpas & Croesoswallt"]

1. e4 d5 2. exd5 Nf6 3. Nc3 e6 4. dxe6 Bxe6 5. g3 Bb4 6. Bg2 c6 7. Nf3 Nbd7 8.
O-O Nc5 9. a3 Bxc3 10. bxc3 h6 11. Re1 Nce4 12. Nd4 O-O 13. Nxe6 fxe6 14. Bxe4
Nxe4 15. Rxe4 Qf6 16. Qe1 Rae8 17. d3 Rf7 18. Be3 Ref8 19. Bxa7 h5 20. Bd4 Qg6
21. Rxe6 Qg4 22. Qe4 Qh3 23. Bc5 Rf3 24. Bxf8 Qg4 25. Qxg4 hxg4 26. Bc5 Rxf2
27. Bxf2 Kf8 28. Rae1 Kg8 29. Re8+ Kh7 30. R1e7 Kg6 31. Rd7 Kf6 32. Re1 Kg6 33.
Ree7 Kf6 34. Bd4+ Kg5 35. Rxg7+ Kf5 36. Rde7 c5 37. Be5 c4 38. Rg8 b6 39. Rf8+
Kg5 40. Rg7+ Kh5 41. Rh8# 1-0

[Event "4NCL Online Division 6"]
[Site "online"]
[Date "2020.10.20"]
[Round "5.45"]
[White "Pothecary, James"]
[Black "Hosker, Monika"]
[Result "1-0"]
[WhiteElo "1645"]
[BlackElo "1292"]
[PlyCount "135"]
[EventDate "2020.10.20"]
[WhiteTeam "Farnham B"]
[BlackTeam "Horsham 3"]

1. e4 e5 2. Nf3 Nc6 3. Bc4 h6 4. c3 Nf6 5. d3 Be7 6. O-O a6 7. Re1 d6 8. h3 Na5
9. Na3 Nxc4 10. Nxc4 b5 11. Ne3 O-O 12. Nh2 c6 13. Rf1 d5 14. Qf3 Be6 15. Nf5
Bxf5 16. Qxf5 Qd6 17. Nf3 Nd7 18. Qg4 Nf6 19. Qf5 Nd7 20. Re1 Rae8 21. Nh2 Bd8
22. Be3 Re6 23. Ng4 Nf6 24. Rad1 Nxg4 25. Qxg4 Rg6 26. Qf3 Bc7 27. b4 d4 28.
Bd2 Qe6 29. cxd4 exd4 30. a3 Qe5 31. g3 Re8 32. Kh2 Rf6 33. Qg2 Qh5 34. f4 g5
35. f5 Qh4 36. Rf1 Bxg3+ 37. Qxg3 Qh5 38. Qg4 Qxg4 39. hxg4 Kg7 40. Rc1 Rh8 41.
Kg3 Rd6 42. Rc5 f6 43. Rfc1 h5 44. gxh5 Rxh5 45. Kg2 g4 46. Bf4 Rd8 47. Rh1
Rxh1 48. Kxh1 Rh8+ 49. Kg2 Rh3 50. Bg3 Rh8 51. Rxc6 a5 52. e5 axb4 53. axb4 Rf8
54. exf6+ Rxf6 55. Be5 Kh7 56. Rxf6 g3 57. Kxg3 Kg8 58. Rd6 Kf7 59. Kf4 Ke8 60.
Rxd4 Ke7 61. Rd5 Kf7 62. Rxb5 Ke7 63. Rc5 Kd7 64. b5 Kd8 65. b6 Ke8 66. b7 Kd7
67. Rc7+ Ke8 68. b8=Q# 1-0

[Event "4NCL Online Division 6"]
[Site "online"]
[Date "2020.10.20"]
[Round "5.46"]
[White "Roberts, Harry"]
[Black "Young, Jonathan G"]
[Result "1/2-1/2"]
[WhiteElo "1240"]
[BlackElo "1577"]
[PlyCount "64"]
[EventDate "2020.10.20"]
[WhiteTeam "Horsham 3"]
[BlackTeam "Farnham B"]

1. e4 c6 2. d4 d5 3. exd5 cxd5 4. Nf3 Nc6 5. Be2 Bf5 6. O-O e6 7. b3 Nf6 8. c4
Be7 9. Bf4 O-O 10. Nc3 Bd6 11. Bxd6 Qxd6 12. c5 Qd8 13. Nb5 Ne4 14. Rc1 a6 15.
Nc3 Rc8 16. Bd3 Nxc3 17. Rxc3 Bxd3 18. Qxd3 Qf6 19. Re1 Rfe8 20. a3 h6 21. b4
Rcd8 22. h3 e5 23. Nxe5 Nxe5 24. Rxe5 Rxe5 25. dxe5 Qxe5 26. Qe3 Qf6 27. Rd3
Qe6 28. Qg3 Qf5 29. Rf3 Qd7 30. Rd3 Qf5 31. Rf3 Qd7 32. Rd3 Qf5 1/2-1/2

[Event "4NCL Online Division 6"]
[Site "online"]
[Date "2020.10.20"]
[Round "5.47"]
[White "Warren, Archie"]
[Black "Cowley, Charlie"]
[Result "1-0"]
[WhiteElo "1337"]
[BlackElo "1210"]
[PlyCount "83"]
[EventDate "2020.10.20"]
[WhiteTeam "Farnham B"]
[BlackTeam "Horsham 3"]

1. d4 c6 2. Bf4 d5 3. c3 Nf6 4. e3 h6 5. Nd2 Bf5 6. Ngf3 e6 7. Qb3 b5 8. a4 Qa5
9. Be2 b4 10. O-O Nbd7 11. c4 Rb8 12. Bxb8 Nxb8 13. c5 Na6 14. Bxa6 Qxa6 15.
Qxb4 h5 16. Qb8+ Ke7 17. b4 Nd7 18. Qc7 f6 19. Nh4 Bd3 20. Rfe1 Ke8 21. Ra3 Be7
22. Qa5 f5 23. Qxa6 Bxa6 24. Ng6 Rh6 25. Nxe7 Kxe7 26. Rb3 Bc4 27. Nxc4 dxc4
28. Rbb1 Nf6 29. b5 cxb5 30. axb5 Rh8 31. Rec1 Ne4 32. Ra1 Ra8 33. h3 c3 34.
Ra6 e5 35. b6 Kd8 36. Rxa7 Rb8 37. f3 Ng3 38. Kf2 h4 39. Rxc3 e4 40. Rb3 exf3
41. gxf3 Kc8 42. c6 1-0